| 000 | 00467nam a2200193Ia 4500 | ||
|---|---|---|---|
| 005 | 20240823025743.0 | ||
| 008 | 240823s9999||||xx |||||||||||||| ||und|| | ||
| 020 | _a978-81-8348-291-2 | ||
| 041 | _aENGLISH | ||
| 082 | _A158.39 P9 | ||
| 100 | _aHundiwala S | ||
| 245 | 0 | _aTricks & Techniques of Group Discussion | |
| 250 | _a1st | ||
| 260 |
_c2009 _bArihant Publica |
||
| 500 | _aYES | ||
| 650 |
_aGroup Discussions _bGeneral |
||
| 942 | _cBK | ||
| 999 |
_c187074 _d187074 |
||